000 00818nab#a2200265#c#4500
999 _c122254
_d122254
003 IEF
005 20191211123941.0
008 950704s1975 uuu|| #####0 b| |u
040 _aIEF
_cES-MaIEF
100 1 _aGarcía López, José
_917406
245 _aCrítica popular al sistema tributario español
_c José García López
260 _aMadrid
_b Instituto de Estudios Fiscales [IEF]
_c1975
500 _aBibliografía
650 4 _aSOCIOLOGIA FINANCIERA
_948474
650 4 _aPSICOLOGIA FINANCIERA
_948179
650 4 _aESPAÑA
_941092
650 4 _aSISTEMA FISCAL
_948426
650 4 _aIMPUESTOS
_947460
650 4 _aASPECTOS SOCIALES
_932204
650 4 _aSOCIOLOGIA TRIBUTARIA
_948479
773 0 _tHacienda pública española
_w34570
_g34, p. 55-99
942 _2udc
942 _2udc